Las técnicas audiovisuales al servicio de la enseñanza
El autor de esta obra busca resaltar la importancia de las técnicas audiovisuales como elementos auxiliares para los docentes en el proceso de la enseñanza.
Uloženo v:
| Hlavní autor: | |
|---|---|
| Médium: | Kniha |
| Jazyk: | Spanish |
| Vydáno: |
Buenos Aires:
Editorial El Ateneo,
1973
|
| Vydání: | 2 ed. |
| Edice: | Biblioteca nuevas orientaciones de la educación
|
| Témata: | |
| On-line přístup: | Enlace del recurso |
| Tagy: |
Přidat tag
Žádné tagy, Buďte první, kdo vytvoří štítek k tomuto záznamu!
|
MARC
| LEADER | 00000nam a2200000 a 4500 | ||
|---|---|---|---|
| 001 | 000641 | ||
| 008 | 030326s1973 ag a fr# #000|0#spa|d | ||
| 041 | 0 | |a spa | |
| 043 | |a s-ag--- | ||
| 082 | 0 | 4 | |a 371.335 |b L236t |
| 100 | 1 | |a Lefranc, Robert | |
| 245 | 1 | 4 | |a Las técnicas audiovisuales al servicio de la enseñanza |c Robert Lefranc |
| 250 | |a 2 ed. | ||
| 260 | |a Buenos Aires: |b Editorial El Ateneo, |c 1973 | ||
| 300 | |a 309 p.: |b il., gráf. | ||
| 440 | 0 | |a Biblioteca nuevas orientaciones de la educación | |
| 504 | |a Incluye bibliografía. | ||
| 520 | 3 | |a El autor de esta obra busca resaltar la importancia de las técnicas audiovisuales como elementos auxiliares para los docentes en el proceso de la enseñanza. | |
| 534 | |p Título original: |t Les techniques audiovisuelles au service de l'enseignement | ||
| 650 | 1 | 4 | |a ENSEÑANZA AUDIOVISUAL |
| 650 | 1 | 4 | |a TÉCNICAS DE ENSEÑANZA |
| 999 | |c 2793 |d 2793 | ||
| 856 | |u https://catalogo.idep.edu.co/cgi-bin/koha/opac-detail.pl?biblionumber=2793 |z Enlace del recurso | ||